Needlepoint Lace : Designs From the Countryside (Record no. 359457)
[ view plain ]
| 000 -LEADER | |
|---|---|
| fixed length control field | 00651nam a22001817a 4500 |
| 005 - DATE AND TIME OF LATEST TRANSACTION | |
| control field | 20240822111149.0 |
| 008 - FIXED-LENGTH DATA ELEMENTS--GENERAL INFORMATION | |
| fixed length control field | 240812b |||||||| |||| 00| 0 eng d |
| 020 ## - INTERNATIONAL STANDARD BOOK NUMBER | |
| International Standard Book Number | 9780713467659 |
| 041 ## - LANGUAGE CODE | |
| Language code of text/sound track or separate title | English |
| 082 ## - DEWEY DECIMAL CLASSIFICATION NUMBER | |
| Item number | HOL |
| 100 ## - MAIN ENTRY--PERSONAL NAME | |
| Author | Holmes Doreen |
| 245 ## - TITLE STATEMENT | |
| Title | Needlepoint Lace : Designs From the Countryside |
| 260 ## - PUBLICATION, DISTRIBUTION, ETC. | |
| Place of publication, distribution, etc. | London |
| Name of publisher, distributor, etc. | B. T. Batsford |
| Date of publication, distribution, etc. | 1991 |
| 300 ## - PHYSICAL DESCRIPTION | |
| Extent | 144 |
| 520 ## - SUMMARY, ETC. | |
| Summary, etc. | • Acknowledgement<br/>• Introduction<br/>• Stitches and Techniques<br/>• Designs for you to try<br/>• Hints and Tips<br/>• Patterns Actual<br/>• Design Library<br/>• Suppliers band Sources of Information<br/> |
| 650 ## - SUBJECT ADDED ENTRY--TOPICAL TERM | |
| Topical term or geographic name entry element | Embroidery |
| 942 ## - ADDED ENTRY ELEMENTS (KOHA) | |
| Koha item type | Donated Book |
| Withdrawn status | Lost status | Source of classification or shelving scheme | Damaged status | Not for loan | Home library | Current library | Date acquired | Vendor | Net Price | Full call number | Barcode | Date last seen | Actual Price | Koha item type | Original Barcode |
|---|---|---|---|---|---|---|---|---|---|---|---|---|---|---|---|
| Dewey Decimal Classification | Available | School of Fashion Technology | School of Fashion Technology | 03/08/2024 | Usha Shrikant | 1675.90 | 746.44 HOL | SOFT-BK-D157 | 12/08/2024 | 1675.90 | Donated Book | D157 |